000
00300nam a2200109Ia 4500
008
171211s9999 xx 000 0 und d
245
_a
Weight Management for Triathletes
245
_c
Ingrid Loos Miller
260
_c
2010
650
_x
FITNESS
856
_u
http://down.ebook777.com/062/1841262900.pdf
999
_c
349056
_d
349056